Statistics for 1954年10月時点の急行早鞆の停車駅

Click here to take the quiz!

General Stats

  • This quiz has been taken 26 times
  • The average score is 27 of 31

Answer Stats

Answer% Correct
小倉
100%
門司
100%
下関
100%
徳山
100%
岩国
100%
広島
100%
100%
100%
岡山
100%
東京
95%
神戸
95%
小郡
95%
横浜
95%
姫路
95%
三ノ宮
95%
米原
95%
静岡
95%
浜松
95%
大阪
95%
名古屋
95%
博多
95%
京都
95%
岐阜
90%
沼津
90%
大船
90%
大津
86%
糸崎
71%
蒲郡
67%
三田尻
48%
遠賀川
24%
風早
14%

Score Distribution

Percentile by Number Answered

Percent of People with Each Score

Your Score History

You have not taken this quiz